Seeds of change. The living treasure. The passionate story of the growing movement to restore biodiversity and revolutionize the way we think about food.
Shranjeno v:
| Glavni avtor: | |
|---|---|
| Format: | Knjiga |
| Izdano: |
New York, USA:
Harper San Francisco,
1994.
|
| Izdaja: | First paperback edition. |
| Teme: | |
| Oznake: |
Označite
Brez oznak, prvi označite!
|
MARC
| LEADER | 00000nam a22000007a 4500 | ||
|---|---|---|---|
| 003 | CL-VaPUC | ||
| 005 | 20220915101118.0 | ||
| 008 | 220830t1994 ||||| |||| 00| 0 eng d | ||
| 999 | |c 438574 |d 438572 | ||
| 020 | |a 0-06-250008-2 | ||
| 040 | |c Pontificia Universidad Católica de Valparaíso | ||
| 082 | |a 631.521 AUS 1994 | ||
| 100 | 1 | |a Ausubel, Ken |e author |9 876116 | |
| 245 | |a Seeds of change. The living treasure. |b The passionate story of the growing movement to restore biodiversity and revolutionize the way we think about food. | ||
| 250 | |a First paperback edition. | ||
| 260 | |a New York, USA: |b Harper San Francisco, |c 1994. | ||
| 300 | |a 232 páginas. | ||
| 500 | |a c.1. Donación Escuela Agronomía. Memo Cur 25/07/2022. | ||
| 583 | |c 20220830 |k Catalogador Asistente | ||
| 650 | |a Cultivo de alimentos |x Semillas |9 876269 | ||
| 650 | |a Tecnología de semillas |9 876270 | ||
| 942 | |2 ddc |c BK | ||
| 952 | |0 0 |1 0 |2 ddc |4 0 |6 631_521000000000000_AUS_1994 |7 0 |8 A |9 586508 |a BIBAGR |b BIBAGR |c GEN |d 2022-08-30 |e Donación |i 5654468 |l 1 |o 631.521 AUS 1994 |p 5654468 |r 2025-01-20 |s 2022-10-25 |t 1 |w 2022-08-30 |y BK |k AGR | ||